Contracts of disposition under the 1989 Act. (Record no. 60833)

MARC details
000 -LEADER
fixed length control field 00681cam a2200169 4500
001 - CONTROL NUMBER
control field ABS61143
008 - FIXED-LENGTH DATA ELEMENTS--GENERAL INFORMATION
fixed length control field 000000n1999 000 0 eng u
035 ## - SYSTEM CONTROL NUMBER
System control number (Sirsi) u101708
100 ## - MAIN ENTRY--PERSONAL NAME
Personal name Draper, M.
245 ## - TITLE STATEMENT
Title Contracts of disposition under the 1989 Act.
260 ## - PUBLICATION, DISTRIBUTION, ETC.
Date of publication, distribution, etc. 1999
490 ## - SERIES STATEMENT
Series statement Solicitors' Journal
Volume/sequential designation 143(32) 13 August 1999, 782-783(2)
520 ## - SUMMARY, ETC.
Summary, etc. Considers Law of Property (Miscellaneous Provisions) Act 1989 s2, which decrees that all contracts for a sale of land must be in writing. Reviews case law pertaining to this section of the Act, including "Target Holdings v Priestly".
650 ## - SUBJECT ADDED ENTRY--TOPICAL TERM
Topical term or geographic name entry element SALE OF LAND
690 ## - LOCAL SUBJECT ADDED ENTRY--TOPICAL TERM (OCLC, RLIN)
Topical term or geographic name as entry element PROPERTY LAW AND PRACTICE
942 ## - ADDED ENTRY ELEMENTS (KOHA)
Suppress in OPAC 0
Holdings
Withdrawn status Lost status Source of classification or shelving scheme Damaged status Not for loan Home library Current library Shelving location Date acquired Total Checkouts Full call number Barcode Date last seen Copy number Price effective from Koha item type
    Dewey Decimal Classification     London London Journal article 10/11/1999   ABS61143 101708-1001 06/08/2019 1 06/08/2019 Journal article